Statystyki dla 100 Największych miast Austro-Węgier

Kliknij tutaj aby rozwiązać quiz!

Ogólne statystyki

  • Ten quiz został rozwiązany 418 razy
    (346 od ostatniego zresetowania)
  • Średni wynik to 30 z 99

Statystyki odpowiedzi

lp.PopulacjaMiasto% Poprawnych
11 840 573Wiedeń
100%
21 729 040Budapeszt
96%
5774 839Kraków
90%
31 268 796Praga
88%
4803 900Zagrzeb
84%
8425 923Bratysława
83%
6724 713Lwów
79%
37150 269Salzburg
69%
10393 000Sarajewo
69%
9404 820Brno
68%
19239 141Koszyce
66%
16280 940Lublana
65%
15296 224Ostrawa
65%
26183 901Rzeszów
65%
7439 236Graz
62%
14310 297Innsbruck
62%
24203 012Linz
60%
54107 954Tarnów
59%
9860 999Przemyśl
56%
27178 192Split
55%
7084 041Nowy Sącz
53%
30170 322Pilzno
51%
22211 320Debreczyn
48%
11381 388Nowy Sad
48%
23204 234Triest
45%
43128 624Rijeka
44%
56102 754Liberec
42%
47116 769Maribor
40%
57101 003Ołomuniec
40%
34167 754Miszkolc
36%
36156 049Pecz
36%
21216 384Tarnopol
36%
42129 527Gyor
35%
12324 576Kluż-Napoka
35%
29170 479Bielsko-Biała
34%
33168 048Segedyn
32%
13319 279Timișoara
32%
32168 302Zadar
32%
35164 200Banja Luka
31%
8667 518Most
30%
53108 048Osijek
30%
50113 169Mostar
27%
6193 715Czeskie Budziejowice
26%
20230 507Iwano-Frankiwsk
26%
49115 214Użhorod
26%
7381 041Żylina
24%
7580 003Bańska Bystrzyca
23%
7777 374Nitra
23%
6889 618Preszów
23%
6094 314Hradec Králové
22%
9960 799Stalowa Wola
22%
28172 824Arad
21%
18253 200Braszów
21%
17262 276Czerniowce
20%
25196 367Oradea
20%
6690 767Pardubice
20%
7975 714Zlin
19%
39141 554Subotica
18%
51112 142Trydent
18%
55103 135Bolzano
15%
7876 044Drohobycz
15%
48115 630Satu Mare
15%
41131 444Tuzla
15%
6492 473Jaworzno
14%
31170 045Sybin
13%
58100 570Székesfehérvár
13%
46119 746Nyíregyháza
12%
7679 438Szombathely
12%
40137 976Baia Mare
11%
6985 771Mukaczewo
11%
9362 246Sopron
11%
8074 656Szolnok
11%
38150 041Târgu Mureș
11%
8865 536Trnawa
11%
5999 432Udine
11%
6393 000Uście nad Łabą
11%
52111 411Kecskemét
10%
9163 898Veszprém
9%
44127 334Zenica
9%
9064 394Érd
8%
8269 988Tatabánya
8%
8469 390Deva
7%
45123 362Zrenjanin
7%
8766 369Alba Iulia
6%
8964 429Békéscsaba
6%
8171 380Hunedoara
6%
8568 018Kaposvár
6%
8369 938Kladno
6%
9761 347Kołomyja
6%
7281 467Bystrzyca
5%
6590 776Pančevo
5%
7184 026Reșița
5%
9561 705Zalaegerszeg
5%
6293 028Brczko
4%
9461 948Karwina
4%
6790 610Klagerfurt
4%
9263 305Zalău
4%
7480 302Bihać
1%
9661 512Sfântu Gheorghe
1%

Rozkład punktacji

Percentyl według liczby udzielonych odpowiedzi

Procent ludzi z każdym wynikiem

Twoja historia wyników

Nie rozwiązałeś tego quizu od ostatniego zresetowania